| 000 | 00919nam a2200313 i 4500 | ||
|---|---|---|---|
| 999 |
_c294 _d294 |
||
| 001 | 020437068 | ||
| 003 | UkOxU | ||
| 005 | 20190805142610.0 | ||
| 008 | 151013r20152014enka 000 0 eng c | ||
| 020 |
_a9781846683480 _qpaperback |
||
| 040 |
_aUkOxU _beng _erda _cUkOxU |
||
| 042 | _aukscp | ||
| 049 | _aCROBAR | ||
| 082 | _a510 STE | ||
| 100 | 1 |
_aStewart, Ian, _d1945- _eauthor. |
|
| 245 | 1 | 0 |
_aProfessor Stewart's casebook of mathematical mysteries / _cIan Stewart. |
| 264 | 1 |
_aLondon : _bProfile Books, _c2015. |
|
| 264 | 4 | _c©2015 | |
| 300 |
_ax, 307 pages : _billustrations ; _c20 cm |
||
| 336 |
_atext _2rdacontent |
||
| 337 |
_aunmediated _2rdamedia |
||
| 338 |
_avolume _2rdacarrier |
||
| 500 | _aFirst published in hardback: 2014. | ||
| 650 | 0 |
_aMathematics _vMiscellanea. |
|
| 942 |
_2ddc _cNFIC |
||
| 980 |
_g1 _f1/3360751 |
||
| 981 | _dAgency file oxf2015-41.1 | ||